| 000 | 00759nam a22002057a 4500 | ||
|---|---|---|---|
| 999 |
_c7607 _d7607 |
||
| 003 | AR-CdUCM | ||
| 008 | 190320b ||||| |||| 00| 0 spa d | ||
| 040 |
_aMUNICIPALIDAD PROVINCIAL DEL CUSCO _cBIBLIOTECA MUNICIPAL DEL CUSCO |
||
| 041 | _heng | ||
| 082 |
_a514.24 / _bL56 |
||
| 100 |
_aTaylor, Howard E. _921469 |
||
| 245 |
_aGeometría analítica bidimensional : _bSubconjuntos del plano / |
||
| 260 |
_aMéxico : _bLimusa-Wiley, _c1972. |
||
| 300 |
_a122 paginas ; _c22 cm. |
||
| 505 | _aConcepto básicos: La circunferencia -- La linea recta -- Parábola, elipse e hipérbola -- Valores naturales de senos, cosenos y tangentes ... | ||
| 650 |
_aGeometría analítica _921470 |
||
| 700 |
_aWade, Thomas L. _921471 |
||
| 942 |
_2ddc _cLIBROS |
||
| 945 | _aacv | ||